Čísla pro každého 1980

Salvato in:
Dettagli Bibliografici
Natura: Libro
Lingua:ceco
Pubblicazione: Praha Státní nakladatelství technické literatury 1980
Tags: Aggiungi Tag
Nessun Tag, puoi essere il primo ad aggiungerne!!

MARC

LEADER 00000nam a2200000 4500
001 c139815
005 20250520072443.7
041 0 |a cze 
044 |a CZ 
245 1 0 |a Čísla pro každého 1980 
264 1 |a Praha  |b Státní nakladatelství technické literatury  |c 1980 
300 |a 281 s.